000
00297nam a2200121Ia 4500
005
20251222144801.0
008
251222s9999||||xx |||||||||||||| ||spa||
082
_a
657.1/C21
100
_a
Calderón Moquillaza, José
245
0
_a
Plan Contable General Revisado
264
_b
LAYMAR
942
_c
LIB
999
_c
19717
_d
19717